ペンギンが生息している国 - Statistics

General Stats
  • This quiz has been taken 264 times
  • The average score is 5 of 8
Answer Stats
Answer % Correct
アルゼンチン
99%
チリ
97%
オーストラリア
91%
ニュージーランド
91%
ペルー
48%
南アフリカ共和国
47%
エクアドル
41%
ナミビア
27%
No matching quizzes found
Score Distribution
Percent of People with Each Score
Percentile by Number Answered
Your Score History
You have not taken this quiz